Statistiche per Riconosci la Squadra di calcio - Quiz n°100

Clicka qui per fare il quiz!

Statistiche generali

  • Questo quiz è stato fatto 7 volte
  • Il punteggio medio è 6 su 9

Statistiche sulle risposte

IndizioRisposta% Corretto
Colori socialiRosso, bianco
100%
Trofei nazionali12 Coppa di Jugoslavia
9 Coppe di Serbia e Montenegro
6 Coppe di Serbia
2 Supercoppe jugoslave
1 Coppa di Lega jugoslava
83%
Divisione nazionale 2023-2024Prima
83%
Titoli nazionali19 Campionati di Jugoslavia
5 Campionati di Serbia e Montenegro
9 Campionato di Serbia
67%
Trofei internazionali1 Coppe dei Campioni/Champions League
1 Coppe Intercontinentali
2 Coppe Mitropa
67%
Fondazione1945
50%
Capienza Stadio55 538 posti
50%
SquadraStella Rossa
50%
ConfederazioneUEFA
50%

Distribuzione punteggi

Percentile per numero di risposta

Percentuale di utenti per punteggio

I tuoi punteggi nel tempo

Non hai fatto questo quiz